Dopasuj rok do wydarzenia. - Statystyki

Ogólne statystyki
  • Ten quiz został rozwiązany 24 razy
  • Średni wynik to 20 z 26
Statystyki odpowiedzi
Wydarzenie Rok % Poprawnych
Bitwa pod Grunwaldem 1410
100%
Bitwa warszawska 1920
100%
Wybuch powstania warszawskiego 1944
100%
Upadek związku radzieckiego ( ZSRR ) 1991
100%
Chrzest Polski 966
100%
Zjazd gnieżnieński 1000
95%
Podpisanie konstytucji 3 maja 1791
95%
Rozpoczęcie II wojny światowej 1939
95%
Katyń 1940
95%
Rzeź wołyńska 1943
95%
Koronacja Bolesława Chrobrego 1025
86%
Wybuch powstania listopadowego 1830
86%
Wybuch powstania styczniowego 1863
86%
Wybór Jana Pawła II na papieża 1978
86%
Odsiecz wiedeńska ( bitwa pod Wiedniem ) 1683
76%
Wybuch rewolucji francuskiej 1789
71%
Hołd Pruski 1525
67%
Podpisanie kongresu wiedeńskiego 1815
67%
Powstanie USA ( proklamacja Deklaracji Niepodległości Stanów Zjednoczonych ) 1776
62%
Podpisanie Unii Lubelskiej 1569
57%
Pucz w Monachium 1923
57%
Upadek cesarstwa zachodniorzymskiego 476
57%
Bitwa pod Legnicą 1241
38%
Upadek Bizancjum ( cesarstwa wschodniorzymskiego ) 1453
38%
Zdobycie Moskwy przez Polaków 1610
38%
Schizma wschodnia 1054
24%
Nie znaleziono quizów pasujących do podanych kryteriów
Rozkład punktacji
Procent ludzi z każdym wynikiem
Percentyl według liczby udzielonych odpowiedzi
Twoja historia wyników
Nie rozwiązałeś tego quizu